| 000 | 01174nam a22002891i 4500 | ||
|---|---|---|---|
| 005 | 20201228101000.0 | ||
| 008 | 201228t2019 enka|||e ||| 001 0 eng d | ||
| 020 |
_a9780600636427 _cRM 99.90 _qhardback |
||
| 040 |
_aPPAK _beng _cPPAK _erda |
||
| 082 | 0 | 4 |
_223 _a641.3373 |
| 090 | 0 | 0 |
_a641.3373 _bRAC _dG |
| 100 | 1 |
_aRacineux, Sébastien, _eauthor. |
|
| 245 | 1 |
_aCOFFEE IT'S NOT ROCKET SCIENCE : _bA quick & easy guide to brewing, serving, roasting & tasting coffee / _cSébastien Racineux & Chung-Leng Tran; illustrated by Yannis Varoutsikos |
|
| 264 | 1 |
_aLondon : _bHamlyn , _c2019. |
|
| 300 |
_a184 pages : _bcolour illustration ; _c24 cm. |
||
| 336 |
_2rdacontent _atext _astill image |
||
| 337 |
_2rdamedia _aunmediated |
||
| 338 |
_2rdacarrier _avolume |
||
| 500 | _aOriginally published: as Coffee isn't rocket science. 2018. | ||
| 500 | _aTranslation by Jackie Smith, in association with Cambridge Publishing Management. | ||
| 520 | _aA quick and easy graphic guide to becoming a coffee expert. | ||
| 650 | 1 | 0 | _aCoffee. |
| 650 | 2 | 0 | _aCoffee brewing. |
| 700 | 1 |
_aTran, Chung-Leng, _eauthor. |
|
| 700 | 1 |
_aVaroutsikos, Yannis, _eillustrator. |
|
| 942 |
_2ddc _cB |
||
| 999 |
_c180752 _d180752 |
||